000 00384 a2200133 4500
001 91694
082 _aPR 1703
090 _c43856
_d43855
100 _aNauman Mabood; Prof Irfan Majeed and Abdul Mateen, Adviosrs
245 _a Preparation of Lab Manuals for AV-334 & Av-333 Courses
_n63 "B" EC
260 _aRawalpindi
_bNUST
_c2007
300 _a15p
500 _aBE Project Reports
942 _aCAE NUST
_kPR 1703
999 _c326767
_d326767